Manual de escrituras coloniales: siglos XVI-XVII

Saved in:
Bibliografiske detaljer
Hovedforfatter: Morales Piña, Eddie (autor)
Format: Bog
Sprog:spansk
Udgivet: Valparaíso Universidad de Playa Ancha 2015
Udgivelse:1a. ed
Fag:
Tags: Tilføj Tag
Ingen Tags, Vær først til at tagge denne postø!

MARC

LEADER 00000cam a2200000 a 4500
001 UCE7309
003 CL-VaPUC
008 150605e20150000cl |||||||||||||||||spa|d
082 0 4 |a 417.7  |b MOR  |2 21 
100 |a Morales Piña, Eddie  |e autor  |9 580005 
245 1 0 |a Manual de escrituras coloniales: siglos XVI-XVII 
250 |a 1a. ed 
300 |a 354 p 
942 |c BK 
945 |d 20150605 14:50:00  |a dcastane 
260 |a Valparaíso  |b Universidad de Playa Ancha  |c 2015 
650 7 |a ESCRITURA ANTIGUA  |2 CL-VaPUC  |9 359446 
650 0 |a Paleografía   |9 264942 
650 0 |a Historia de la escritura  |9 389581 
583 |a last modification  |c 20150605 14:50:00  |k Rodrigo Vera 
999 |c 359410  |d 359408 
952 |0 0  |1 0  |3 erb  |4 0  |6 417_700000000000000_MOR_2015  |7 0  |8 A  |9 468597  |a BIBEDU  |b BIBEDU  |i 5162122  |l 1  |o 417.7 MOR 2015  |p 5162122  |r 2023-04-05  |s 2023-04-05  |w 2019-11-23  |y BK  |z Catalogado en:20150605  |k LIT